|
|
|
|
| LEADER |
00677cam a2200193 7i4500 |
| 001 |
0000021893 |
| 005 |
20090626090000.0 |
| 008 |
080411 eng |
| 020 |
|
|
|a 0133273709 (hbk.)
|
| 040 |
|
|
|a UiTM
|
| 090 |
0 |
0 |
|a HF5730
|b .G55 1991
|
| 100 |
1 |
|
|a Gilleland, Karen
|
| 245 |
1 |
0 |
|a 450 best sales letters for every selling situation
|c Karen Gilleland, Margaret Coel.
|
| 246 |
3 |
|
|a Four hundreds and fifty best sales letters for every selling situation.
|
| 260 |
|
|
|a Englewood Cliffs, N.J.:
|b Prentice Hall,
|c 1991.
|
| 300 |
|
|
|a xx, 373 p.;
|c 24 cm.
|
| 650 |
0 |
0 |
|a Sales letters
|
| 700 |
1 |
|
|a Coel, Margaret
|
| 999 |
|
|
|a 0000022169
|b BOK
|c OPEN SHELF
|e 1st Floor, Shah Alam
|